000 00680nam a2200301Ia 4500
005 20260401122423.0
008 008 250103s9999 xx 000 0 eng d
020 _a9780199572618
037 _aTB
040 _aEDL
040 _beng
040 _cEDL
041 _2eng
041 _aeng
084 _a821.6LEA
084 _qEDL
100 _aLeask, Nigel
_91233561
245 0 _aRobert Burns & pastoral: Poetry and improvement in late 18 C. Scotland
245 0 _cLeask, Nigel
260 _aLondon
260 _bOxford
260 _c2010
300 _a347p
942 _cTB
942 _h821.6LEA
999 _c1847165
_d1847165